Statistics for Top Scoring IMDb Episode

Click here to take the quiz!

General Stats

  • This quiz has been taken 14 times
  • The average score is 9 of 35

Answer Stats

EpisodeIMDb ScoreAnswer% Correct
Homer's Enemy9.3The Simpsons
92%
The Last One : Part 29.7Friends
67%
Battle of the Bastards9.9Game of Thrones
58%
The Contest9.6Seinfeld
58%
Blink9.8Doctor Who
50%
Leslie and Ron9.6Parks and Recreation
50%
Scott Tenerman Must Die9.6South Park
50%
Everyone's Waiting9.9Six Feet Under
42%
Pine Barrens9.7The Sopranos
42%
Bad Choice Road9.8Better Call Saul
33%
Mizumono9.9Hannibal
33%
Shut the Door. Have a Seat.9.7Mad Men
33%
The Reichenbach Fall9.7Sherlock
33%
The Getaway9.8Dexter
25%
Chapter 149.6House of Cards
25%
The Bent Neck Lady9.5The Haunting of Hill House
25%
White Christmas9.1Black Mirror
17%
The Ricklantis Mixup9.8Rick and Morty
17%
NS9.7Sons of Anarchy
17%
The Doll9.4Curb Your Enthusiasm
8%
In My Heels9.3Pose
8%
This is Not For Tears9.8Succession
8%
Aberfan9.4The Crown
8%
Christmas Masterclass9.2The Great British Bake Off
8%
The Work Outing9.5The IT Crowd
8%
Eye of the Beholder9.2The Twilight Zone
8%
Bad Blood9.4The X Files
8%
Super Bowl Sunday9.8This Is Us
8%
The Bicameral Man9.7Westworld
8%
You Get What You Need9.5Big Little Lies
0%
Sold Under Sin9.2Deadwood
0%
Speed 39.3Father Ted
0%
Communication Problems9.3Fawlty Towers
0%
Breach9.6Line of Duty
0%
End Game9.4The Queens Gambit
0%

Score Distribution

Percentile by Number Answered

Percent of People with Each Score

Your Score History

You have not taken this quiz